[Event "Match"]
[Site "www.echecsemail.com"]
[Date "2018.05.22"]
[Round "1"]
[White "Add"]
[Black "Fegatux"]
[WhiteElo "2230"]
[BlackElo "2290"]
[Result "0-1"]
[Round "1"]
1.e4 e5
2.Ng1f3 Nb8c6
3.d4 exd4
4.Nf3xd4 Ng8f6
5.Nd4xc6 bxc6
6.Bf1d3 Bf8c5
7.O-O O-O
8.Bc1g5 h6
9.Bg5h4 d6
10.Kh1 Bc8g4
11.Qd1d2 Qd8e7
12.f3 Bg4h5
13.Bh4f2 Bc5xf2
14.Qd2xf2 a5
15.a4 Bh5g6
16.Nb1d2 Nf6d7
17.Rf1e1 Nd7e5
18.Nd2c4 Ne5xc4
19.Bd3xc4 Qe7f6
20.c3 Rf8e8
21.Kg1 c5
22.Bc4d5 Ra8a6
23.Bd5c4 Ra6b6
24.Qf2d2 Re8b8
25.Ra1a2 Kh8
26.Re1e2 Rb8d8
27.Qd2e1 Rd8e8
28.Ra2a3 Re8b8
29.Ra3a2 c6
30.Re2d2 Qf6f4
31.b3 Rb8e8
32.Rd2e2 Rb6b8
33.Ra2b2 f6
34.Qe1d2 Qf4e5
35.Bc4d3 Bg6f7
36.c4 Qe5d4
37.Kh1 d5
38.exd5 Re8xe2
39.Qd2xe2 Rb8e8
40.Qe2d2 Bf7g6
41.Bd3e2 Bg6d3
42.Be2xd3 Qd4xd3
43.Qd2f2 Qd3d1
{ resign }
0-1

[Event "1/64 Finale"]
[Site "www.chess-mail.com"]
[Date "2018.05.22"]
[Round "1"]
[White "Piriot"]
[Black "Sbb"]
[WhiteElo "2420"]
[BlackElo "2640"]
[Result "0-1"]
[Round "1"]
1.Ng1f3 d5
2.d4 Ng8f6
3.c4 c6
4.Nb1c3 dxc4
5.a4 Bc8f5
6.Nf3e5 Nb8d7
7.Ne5xc4 Qd8c7
8.g3 e5
9.dxe5 Nd7xe5
10.Bc1f4 Nf6d7
11.Bf1g2 f6
12.O-O O-O-O
13.Nc4xe5 Nd7xe5
14.Qd1b3 Qc7f7
15.Qb3xf7 Ne5xf7
16.a5 a6
17.Nc3a4 Nf7e5
18.Na4b6 Kb8
19.Nb6c4 Rd8e8
20.Nc4xe5 fxe5
21.Bf4e3 Bf8d6
22.Be3b6 Bd6c7
23.Bb6xc7 Kxc7
24.b4 Re8d8
25.e4 Bf5e6
26.Bg2f3 Rd8d2
27.Rf1d1 { time. }
0-1

[Event "1/32 Finale"]
[Site "www.chess-mail.com"]
[Date "2018.05.22"]
[Round "1"]
[White "Szustan"]
[Black "Attatroll"]
[WhiteElo "2620"]
[BlackElo "2020"]
[Result "1-0"]
[Round "1"]
1.e4 Ng8f6
2.e5 Nf6d5
3.d4 d6
4.Ng1f3 dxe5
5.Nf3xe5 e6
6.Qd1f3 Qd8f6
7.Qf3g3 Bf8d6
8.Bc1g5 Qf6f5
9.Bf1d3 Bd6b4
10.c3 Nd5f4
11.Bd3xf5 { resign }
1-0

[Event "Fast Game"]
[Site "www.echecsemail.com"]
[Date "2018.05.22"]
[Round "1"]
[White "Tonino1"]
[Black "Hennie4820"]
[WhiteElo "1890"]
[BlackElo "1760"]
[Result "1-0"]
[Round "1"]
1.d4 Ng8f6
2.g4 Nf6xg4
3.e4 Ng4f6
4.Bf1d3 d6
5.h3 g6
6.Bc1e3 Bf8g7
7.Qd1d2 O-O
8.c3 e5
9.Ng1e2 Nb8c6
10.d5 Nc6e7
11.Nb1a3 Nf6h5
12.O-O-O f5
13.Be3h6 f4
14.Bh6xg7 Kxg7
15.Ne2g1 a6
16.Ng1e2 f3
17.Ne2g3 Nh5f4
18.h4 Nf4g2
19.h5  { time }
1-0

[Event "Tourn. n9791"]
[Site "www.chess-mail.com"]
[Date "2018.05.23"]
[Round "1"]
[White "Libiesse"]
[Black "Abuelo"]
[WhiteElo "1880"]
[BlackElo "2050"]
[Result "1/2-1/2"]
[Round "1"]
1.Ng1f3 Nb8c6
2.d4 d5
3.c4 e6
4.Nb1c3 Ng8f6
5.Bc1g5 Bf8b4
6.e3 Bb4xc3
7.bxc3 h6
8.Bg5h4 O-O
9.Bh4xf6 Qd8xf6
10.cxd5 exd5
11.Bf1e2 a6
12.O-O Qf6g6
13.Kh1 Bc8f5
14.Qd1b3 Ra8b8
15.Qb3xd5 Bf5e4
16.Qd5c4 Rf8c8
17.Qc4b3 { time. }{ draw }
1/2-1/2

[Event "Tourn. n9769"]
[Site "www.chess-mail.com"]
[Date "2018.05.23"]
[Round "1"]
[White "Libiesse"]
[Black "Falcoale"]
[WhiteElo "1770"]
[BlackElo "1860"]
[Result "1/2-1/2"]
[Round "1"]
1.d4 Ng8f6
2.c4 b6
3.Ng1f3 Bc8b7
4.Nb1c3 e6
5.Bc1g5 h6
6.Bg5h4 Bf8e7
7.e3 O-O
8.Bf1e2 d6
9.O-O Nb8d7
10.h3 Rf8e8
11.a4 Qd8c8
12.Ra1c1 Be7f8
13.Qd1c2 c5
14.dxc5 bxc5
15.Rf1d1 Bf8e7
16.Qc2b3 Ra8b8
17.Qb3c2 Be7f8
18.Bh4g3 e5
19.Nc3b5 a6
20.Nb5xd6 Bf8xd6
21.Rd1xd6 Nf6e4
22.Rd6d3 Ne4xg3
23.fxg3 e4
24.Rd3xd7 Qc8xd7
25.Rc1d1 Qd7e6
26.Nf3h2 Qe6g6
27.g4 Qg6g5
28.Qc2c3 Bb7c6
29.b3 Rb8b4
30.Rd1d6 Re8c8
31.Nh2f1 a5
32.Nf1g3 Qg5e7
33.Ng3f5 Qe7f8
34.Be2d1 { draw }
1/2-1/2

[Event "Tourn. n9665"]
[Site "www.chess-mail.com"]
[Date "2018.05.23"]
[Round "1"]
[White "Sachpat"]
[Black "Szustan"]
[WhiteElo "2790"]
[BlackElo "2560"]
[Result "1-0"]
[Round "1"]
1.e4 e5
2.Ng1f3 Nb8c6
3.Bf1b5 a6
4.Bb5a4 Ng8f6
5.d3 d6
6.c3 g6
7.Nb1d2 Bf8g7
8.O-O O-O
9.Rf1e1 Nf6d7
10.Nd2f1 b5
11.Ba4c2 Nd7b6
12.Bc1g5 Qd8e8
13.Nf1e3 Nc6d8
14.d4 Nd8e6
15.Bg5h4 Bc8b7
16.Ne3f5 gxf5
17.exf5 Ne6f4
18.dxe5 dxe5
19.f6 Ra8d8
20.Nf3d4 Bg7h6
21.Bh4g3 Kh8
22.Bg3xf4 Bh6xf4
23.Qd1h5 e4
24.Qh5g4 Bf4xh2
25.Kxh2 Qe8e5
26.Kg1 Qe5xf6
27.Bc2xe4 Bb7xe4
28.Re1xe4 c5
29.Nd4f5 Rf8g8
30.Qg4h3 Rg8g5
31.Nf5g3 Qf6g7
32.Ra1e1 Rd8g8
33.Re4e8 Qg7g6
34.Re8xg8 Kxg8
35.Kh2 Nb6d5
36.Qh3c8 Kg7
37.Qc8xc5 Nd5f6
38.Qc5b4 Rg5g4
39.Qb4d6 h5
40.f3 Rg4g5
41.Qd6f4 h4
42.Qf4xh4 Nf6h5
43.Qh4d4 Kh7
44.Ng3xh5 Qg6xh5
45.Kg1 Qh5xf3
46.Qd4h4 Rg5h5
47.gxf3 Rh5xh4
48.Re1e4 Rh4h5
49.Re4g4 Rh5d5
50.Rg4d4 Rd5h5
51.Kg2 Kg7
52.b4 Rh5h6
53.c4 bxc4
54.Rd4xc4 Rh6d6
55.Kg3 Kf6
56.Kf4 Ke7
57.a4 Rd6h6
58.Rc4c7 Kd8
59.Rc7b7 Rh6f6
60.Kg4 Kc8
61.Rb7a7 Kb8
62.Ra7e7 Rf6b6
63.Re7xf7 Rb6xb4
64.Rf7f4 a5
65.Rf4e4 { resign }
1-0

[Event "Tourn. n9783"]
[Site "www.chess-mail.com"]
[Date "2018.05.23"]
[Round "1"]
[White "Hansen"]
[Black "Karadayi"]
[WhiteElo "1480"]
[BlackElo "1259"]
[Result "0-1"]
[Round "1"]
1.e4 d5
2.Nb1c3 d4
3.Nc3b5 e5
4.d3 a6
5.Qd1h5 axb5
6.Qh5xe5 Ng8e7
7.Qe5xb5 c6
8.Qb5e5 f6
9.Qe5f4 Nb8d7
10.b3 Nd7e5
11.h3 Ne7g6
12.Qf4g3 Bf8d6
13.f4 Ne5f7
14.h4 Bd6b4
15.Kd1 Bb4c3
16.Ra1b1 Ra8xa2
17.f5 Ng6e7
18.Qg3xg7 Rh8g8
19.Qg7xf6 Qd8d6
20.Qf6xd6 Nf7xd6
21.Ng1f3 c5
22.Nf3e5 b5
23.f6 Ne7g6
24.Ne5c6 Bc8b7
25.Nc6e7 Ng6xe7
26.fxe7 Kxe7
27.Rh1h3 Rg8a8
28.Bc1g5 Kd7
29.e5 Nd6f7
30.Bg5f6 Ra2a1
31.Kc1 Ra1xb1
32.Kxb1 Ra8a1
{ resign }
0-1

[Event "Tourn. n9773"]
[Site "www.chess-mail.com"]
[Date "2018.05.23"]
[Round "1"]
[White "Cal"]
[Black "Saffron"]
[WhiteElo "1640"]
[BlackElo "1649"]
[Result "0-1"]
[Round "1"]
1.c4 d6
2.Nb1c3 g6
3.d4 Bf8g7
4.h3 Ng8f6
5.Ng1f3 O-O
6.e4 Nb8d7
7.a3 b6
8.Bf1d3 Bc8b7
9.b4 c5
10.bxc5 dxc5
11.d5 Nf6xe4
12.Bd3xe4 Bg7xc3
13.Bc1d2 Bc3xa1
14.Qd1xa1 Nd7f6
15.Be4c2 Rf8e8
16.O-O b5
17.cxb5 Qd8xd5
18.Qa1c3 Ra8c8
19.Rf1d1 Nf6e4
20.Qc3e3 Qd5c4
21.Bc2xe4 Qc4xe4
22.Qe3h6 Qe4a4
23.Rd1c1 Bb7xf3
24.Bd2c3 f6
25.gxf3 Qa4xa3
26.f4 Qa3xc1
27.Kg2 Qc1xc3
28.f5 Qc3d3
29.f3 Qd3xf5
30.Qh6e3 Qf5g5
31.Qe3xg5 fxg5
32.Kg3 c4
{ resign }
0-1

[Event "Tourn. n9791"]
[Site "www.chess-mail.com"]
[Date "2018.05.23"]
[Round "1"]
[White "Abuelo"]
[Black "Falcoale"]
[WhiteElo "2050"]
[BlackElo "1920"]
[Result "1-0"]
[Round "1"]
1.Ng1f3 c5
2.e4 Nb8c6
3.Nb1c3 e6
4.Bf1b5 a6
5.Bb5xc6 bxc6
6.d3 a5
7.Bc1e3 Bc8a6
8.O-O d5
9.exd5 cxd5
10.d4 Ba6xf1
11.Qd1xf1 c4
12.Nc3e2 Ng8f6
13.c3 Bf8e7
{ time. }
1-0

[Event "Match"]
[Site "www.echecsemail.com"]
[Date "2018.05.23"]
[Round "1"]
[White "Witpar"]
[Black "Leosimal"]
[WhiteElo "2670"]
[BlackElo "2439"]
[Result "1/2-1/2"]
[Round "1"]
1.d4 Ng8f6
2.c4 e6
3.Ng1f3 d5
4.Nb1c3 c6
5.e3 Nb8d7
6.Qd1c2 Bf8d6
7.Bf1d3 O-O
8.O-O dxc4
9.Bd3xc4 b5
10.Bc4e2 Bc8b7
11.Rf1d1 Qd8c7
12.e4 e5
13.Bc1g5 exd4
14.Rd1xd4 Ra8d8
15.Ra1c1 a6
16.Bg5xf6 gxf6
17.Nc3d5 cxd5
18.Qc2xc7 Bd6xc7
19.Rc1xc7 dxe4
20.Nf3e1 Bb7c8
21.Rd4xe4 Nd7e5
22.b3 Bc8f5
23.Re4e3 Rd8d2
24.a4 bxa4
25.bxa4 Rf8b8
26.Rc7c1 Rb8b4
27.a5 Rb4a4
{ draw }
1/2-1/2

[Event "Tourn. n9810"]
[Site "www.echecsemail.com"]
[Date "2018.05.23"]
[Round "1"]
[White "Prize64"]
[Black "Falcoale"]
[WhiteElo "2080"]
[BlackElo "1960"]
[Result "1-0"]
[Round "1"]
1.Ng1f3 c5
2.c4 Nb8c6
3.g3 e6
4.Bf1g2 Ng8f6
5.d4 cxd4
6.Nf3xd4 a6
7.Nb1c3 Bf8c5
8.Nd4b3 Bc5e7
{ time. }
1-0

[Event "Tourn. n9830"]
[Site "www.echecsemail.com"]
[Date "2018.05.23"]
[Round "1"]
[White "Mitja"]
[Black "Bojan"]
[WhiteElo "1990"]
[BlackElo "2000"]
[Result "1-0"]
[Round "1"]
1.d4 g6
2.e3 Bf8g7
3.c3 d5
4.h3 a6
5.Ng1f3 Qd8d6
6.Bf1e2 f6
7.Nb1d2 e5
8.dxe5 fxe5
9.Nd2b3 e4
10.Nf3d4 c5
11.Nd4c2 Nb8c6
12.Nb3d2 Ng8e7
13.Nd2b3 g5
14.Nb3d2 Bc8e6
15.Nd2xe4 Qd6c7
16.Ne4xc5 Be6f7
17.Nc5b3 h6
18.Nc2d4 Ra8d8
19.Nd4xc6 Qc7xc6
20.Nb3d4 Qc6f6
21.b3 Rd8d6
22.Bc1b2 Ne7c6
23.Be2f3 Nc6e5
24.Bf3e2 O-O
25.Bb2a3 Bf7g6
26.Ba3xd6 Qf6xd6
27.a4 Qd6f6
28.O-O Qf6f7
29.Ra1c1 Bg6e4
30.Be2h5 Qf7c7
31.Bh5e2 Rf8f6
32.f3 Be4h7
33.c4 dxc4
34.Be2xc4 Ne5xc4
35.Rc1xc4 Qc7e5
36.Qd1e2 Qe5e7
37.Rc4c8 Bg7f8
38.Rf1c1 Rf6d6
39.Rc1c7 Rd6d7
40.Qe2c4 Kg7
41.Rc7xd7 Qe7xd7
42.Rc8c7 { resign }
1-0

[Event "Match"]
[Site "www.echecsemail.com"]
[Date "2018.05.23"]
[Round "1"]
[White "Sahlapalat"]
[Black "Trusivka"]
[WhiteElo "2330"]
[BlackElo "1499"]
[Result "1-0"]
[Round "1"]
1.e4 c6
2.d4 d6
3.Ng1f3 Nb8d7
4.Bf1c4 d5
5.exd5 e6
6.dxe6 fxe6
7.Bc4xe6 Ng8h6
8.O-O Nd7f6
9.Rf1e1 b6
10.Be6xc8 Bf8e7
11.Bc8b7 Ra8c8
12.Bb7xc8 Qd8xc8
13.Bc1xh6 gxh6
14.Nb1c3 Nf6d5
15.Nc3xd5 cxd5
16.Qd1e2 Rh8f8
17.Qe2xe7 { resign }
1-0

[Event "Tourn. n9834"]
[Site "www.echecsemail.com"]
[Date "2018.05.23"]
[Round "1"]
[White "Fantomas"]
[Black "Tonino1"]
[WhiteElo "2160"]
[BlackElo "2190"]
[Result "0-1"]
[Round "1"]
1.e4 d6
2.Ng1f3 Ng8f6
3.Nb1c3 c6
4.d4 Qd8c7
5.h3 e5
6.Bc1g5 Bf8e7
7.Bg5h4 O-O
8.Bh4g3 Nf6h5
9.Bg3h2 g6
10.dxe5 Qc7b6
11.Ra1b1 dxe5
12.Nf3xe5 Be7f6
13.Bf1d3 Rf8d8
14.O-O Qb6c5
15.Nc3a4 Qc5e7
16.Ne5f3 b5
17.Na4c3 Nb8d7
18.Bh2c7 Rd8e8
19.Qd1d2 Nd7c5
20.Bc7h2 b4
21.Nc3d1 Nc5xd3
22.cxd3 Bc8a6
23.Rf1e1 Re8d8
24.Re1e3 Rd8d7
25.g4 Nh5g7
26.e5 Bf6g5
27.Nf3xg5 Qe7xg5
28.f4 Qg5e7
29.Nd1f2 Ra8d8
30.Rb1d1 c5
31.Qd2c2 Ng7e6
32.Nf2e4 Rd7d4
33.f5 Ne6c7
34.f6 Qe7f8
35.Qc2xc5 Qf8xc5
36.Ne4xc5 Ba6b5
37.Kf2 Rd8d5
38.Nc5b3 Rd4xd3
39.Re3xd3 Rd5xd3
40.Rd1xd3 Bb5xd3
41.Nb3d4 a6
42.Bh2f4 Nc7d5
43.Bf4h6 a5
44.Nd4c6 a4
45.a3 bxa3
46.bxa3 Bd3b5
47.Nc6d4 Bb5d7
48.Kf3 Nd5c3
49.Bh6d2 Nc3b5
50.Nd4c2 Bd7e6
51.Bd2b4 Be6b3
52.Nc2e3 Nb5d4
53.Ke4 Nd4c2
54.Bb4d6 Nc2xe3
{ resign }
0-1

[Event "Tourn. n9812"]
[Site "www.echecsemail.com"]
[Date "2018.05.23"]
[Round "1"]
[White "Prize64"]
[Black "Bojan"]
[WhiteElo "2090"]
[BlackElo "2050"]
[Result "1-0"]
[Round "1"]
1.Ng1f3 Nb8c6
2.e4 g6
3.d4 Bf8g7
4.c3 d5
5.e5 f6
6.Bc1f4 a6
7.h3 e6
8.Bf1d3 fxe5
9.Nf3xe5 Qd8f6
10.Bf4g3 Ng8e7
11.O-O g5
12.Qd1h5 Kd8
13.Ne5f7 Kd7
14.Nf7xh8 Bg7xh8
15.Qh5xh7 b5
16.Nb1d2 Nc6a5
17.Bg3e5 { resign }
1-0

[Event "Tourn. n9841"]
[Site "www.echecsemail.com"]
[Date "2018.05.23"]
[Round "1"]
[White "Fantomas"]
[Black "Mitja"]
[WhiteElo "2100"]
[BlackElo "2020"]
[Result "1-0"]
[Round "1"]
1.e4 d5
2.exd5 Qd8xd5
3.Nb1c3 Qd5d8
4.d4 e6
5.a3 c6
6.Bc1e3 h6
7.Ng1f3 Ng8f6
8.Bf1d3 Nb8d7
9.Qd1e2 Bf8e7
10.O-O-O Nd7b6
11.Nf3e5 Nb6d5
12.Nc3xd5 Nf6xd5
13.Be3d2 Nd5f6
14.c3 Nf6d5
15.Qe2h5 O-O
16.Ne5g4 Nd5f6
17.Ng4xf6 Be7xf6
18.Bd2e3 b6
19.h4 a5
20.g4 g6
21.Qh5xh6 Bf6g7
22.Qh6f4 Bc8b7
23.h5 g5
24.Qf4e4 { resign }
1-0

[Event "Match"]
[Site "www.echecsemail.com"]
[Date "2018.05.23"]
[Round "1"]
[White "Jovaras"]
[Black "Jesmantiz"]
[WhiteElo "2180"]
[BlackElo "2240"]
[Result "1-0"]
[Round "1"]
1.e4 d6
2.d4 e6
3.Nb1c3 g6
4.Ng1f3 Bf8g7
5.Bf1c4 c6
6.O-O h6
7.Bc1e3 Ng8e7
8.Qd1d2 Nb8d7
9.Ra1d1 a6
10.h3 g5
11.Nf3h2 Ne7g6
12.Nh2g4 d5
13.Bc4d3 O-O
14.e5 Ng6h4
15.f4 Nh4f5
{ time. }
1-0

[Event "Fast Game"]
[Site "www.echecsemail.com"]
[Date "2018.05.23"]
[Round "1"]
[White "Coolant"]
[Black "Tonino1"]
[WhiteElo "1789"]
[BlackElo "1830"]
[Result "1-0"]
[Round "1"]
1.e4 d6
2.d4 Ng8f6
3.Nb1c3 g6
4.Bf1c4 Bf8g7
5.f3 O-O
6.Bc1e3 c6
7.a4 e5
8.Ng1e2 Qd8c7
9.Qd1d2 Bc8d7
10.g4 Nb8a6
11.dxe5 dxe5
12.Ne2g3 Ra8d8
13.Qd2e2 Bd7e6
14.Bc4xa6 bxa6
15.Qe2xa6 Rd8d4
16.Be3xd4 exd4
17.Nc3e2 c5
18.Ra1d1 Nf6d7
19.O-O Nd7b6
20.b3 Bg7h6
21.Kg2 Bh6e3
22.a5 Nb6d7
23.h3 Nd7e5
24.f4 Ne5d7
25.Rf1f3 Rf8b8
26.f5 Nd7e5
27.fxe6 Ne5xf3
28.Kxf3 Rb8f8
29.Kg2 fxe6
30.Qa6xe6 Kg7
31.Rd1f1 Rf8xf1
32.Ng3xf1 Qc7xa5
33.Nf1xe3 dxe3
34.Kf3  { time }
1-0

[Event "Fast Game"]
[Site "www.echecsemail.com"]
[Date "2018.05.23"]
[Round "1"]
[White "Coolant"]
[Black "Juheset"]
[WhiteElo "1789"]
[BlackElo "1599"]
[Result "1-0"]
[Round "1"]
1.e4 g6
2.d4 Bf8g7
3.Bf1c4 d6
4.c3 e6
5.Bc1e3 c6
6.d5 exd5
7.exd5 c5
8.Ng1f3 Bc8f5
9.O-O Nb8d7
10.Rf1e1 Ng8f6
11.Be3f4 Nf6e4
12.Bf4xd6 Qd8b6
13.Nb1d2 Qb6xd6
14.Nd2xe4 Bf5xe4
15.Re1xe4 Nd7e5
16.Nf3xe5 Bg7xe5
17.f4 { resign }
1-0

[Event "Tourn. n9761"]
[Site "www.chess-mail.com"]
[Date "2018.05.24"]
[Round "1"]
[White "Saffron"]
[Black "Passaroa25"]
[WhiteElo "1649"]
[BlackElo "1550"]
[Result "1-0"]
[Round "1"]
1.d4 Ng8f6
2.Bc1g5 Nf6e4
3.Bg5f4 Nb8c6
4.d5 e5
5.Bf4g3 Nc6e7
6.Bg3xe5 Ne7g6
7.Be5g3 d6
8.Ng1f3 Bc8d7
9.Nb1d2 Bd7f5
10.Nd2xe4 Bf5xe4
11.e3 Bf8e7
12.Bf1e2 c6
13.dxc6 Be4xc6
14.O-O O-O
15.c4 Qd8c7
16.Qd1d2 Rf8d8
17.Rf1d1 Bc6a4
18.b3 Ba4c6
19.Ra1c1 f6
20.Nf3d4 Bc6d7
21.Be2f3 Ra8b8
22.h4 Ng6e5
23.Bf3e4 f5
24.Be4xf5 g6
25.Bf5e6 Kg7
26.c5 Kf6
27.f4 Ne5c6
28.f5 Nc6xd4
29.Qd2xd4 
1-0

[Event "Tourn. n9698"]
[Site "www.chess-mail.com"]
[Date "2018.05.24"]
[Round "1"]
[White "Seger"]
[Black "Szustan"]
[WhiteElo "2760"]
[BlackElo "2600"]
[Result "1-0"]
[Round "1"]
1.d4 d5
2.c4 dxc4
3.e3 Ng8f6
4.Bf1xc4 c5
5.Ng1f3 e6
6.O-O a6
7.b3 b5
8.Bc4e2 Bc8b7
9.dxc5 Qd8xd1
10.Rf1xd1 Bf8xc5
11.a4 b4
12.Bc1b2 Nb8d7
13.Nb1d2 O-O
14.Ra1c1 Ra8c8
15.Nd2c4 Bc5e7
16.Nc4a5 Bb7d5
17.Nf3d4 Nd7c5
18.Nd4f5 exf5
19.Bb2xf6 Be7xf6
20.Rd1xd5 Nc5e4
21.Rc1xc8 Rf8xc8
22.Be2c4 g6
23.Rd5d7 Bf6e5
24.f3 Ne4d6
25.Bc4xa6 Rc8c1
26.Kf2 Be5xh2
27.Na5c4 Nd6xc4
28.Ba6xc4 Bh2g1
29.Ke2 Rc1c2
30.Rd7d2 Rc2c3
31.e4 fxe4
32.fxe4 Kg7
33.e5 Rc3e3
34.Kf1 Bg1h2
35.Kf2 Re3c3
36.a5 Bh2xe5
37.Rd2d7 Be5g3
38.Ke2 Rc3c2
39.Kf3 Bg3f2
40.Rd7xf7 Kh6
41.Rf7d7 Bf2c5
42.g3 Rc2c3
43.Kg2 Rc3c2
44.Kh3 Bc5e3
45.Kg4 Rc2d2
46.Rd7xd2 Be3xd2
47.Kf3 Bd2c3
48.Ke4 { resign }
1-0

[Event "Match"]
[Site "www.echecsemail.com"]
[Date "2018.05.24"]
[Round "1"]
[White "Ditto"]
[Black "Darknight"]
[WhiteElo "1760"]
[BlackElo "1840"]
[Result "1-0"]
[Round "1"]
1.e4 e5
2.Ng1f3 d6
3.Bf1c4 h6
4.d3 Bc8g4
5.Bc1e3 a6
6.Nb1d2 Ng8f6
7.c3 Bf8e7
8.Qd1b3 Bg4e6
9.Bc4xe6 fxe6
10.O-O Qd8c8
11.Nd2c4 b5
12.Nc4d2 Qc8d7
13.Qb3d1 Nb8c6
14.Nf3h4 O-O-O
15.a4 b4
16.Nh4g6 Rh8g8
17.Nd2c4 Qd7e8
18.Ng6h4 g5
19.Nh4f3 Rg8g7
20.cxb4 Nf6d7
21.Qd1d2 Nd7b8
22.Rf1c1 Qe8h5
23.b5 Nc6d4
24.Nf3xd4 Rg7g6
25.Nd4f3 Rd8g8
26.bxa6 g4
27.Nf3e1 Be7g5
28.a7 Kb7
29.Qd2b4 Ka8
30.Nc4a5 Bg5xe3
31.fxe3 Kxa7
32.Qb4b7 
1-0

[Event "Match"]
[Site "www.echecsemail.com"]
[Date "2018.05.24"]
[Round "1"]
[White "Lcbunghai"]
[Black "Paco"]
[WhiteElo "2010"]
[BlackElo "2070"]
[Result "1-0"]
[Round "1"]
1.d4 d5
2.c4 dxc4
3.e3 Bc8e6
4.Qd1a4 Nb8c6
5.Bf1xc4 a6
6.Bc4xe6 fxe6
7.Qa4b3 Qd8c8
8.Ng1f3 b6
9.Nf3g5 e5
10.Qb3f7 Kd8
11.Qf7xf8 Kd7
12.Qf8xc8 Ra8xc8
13.Ng5f7 Ng8h6
14.Nf7xh8 Rc8xh8
15.dxe5 Nc6xe5
16.Ke2 Rh8f8
17.h3 Nh6f5
18.Nb1c3 Nf5h4
19.Rh1g1 g5
20.b3 h5
21.Bc1b2 g4
22.hxg4 hxg4
23.Nc3e4 Ne5c6
24.Ra1d1 Kc8
25.Ne4g3 Nc6b4
26.a3 Nb4c6
27.Rd1d5 e6
28.Rd5h5 Nh4g6
29.Rh5g5 Ng6h4
30.Rg5xg4 Nh4f5
31.Ng3xf5 exf5
32.Rg4g7 Rf8e8
33.Rg7f7 Re8e4
34.Rf7xf5 a5
35.Rg1c1 Nc6e7
36.Rf5e5 Re4xe5
37.Bb2xe5 Ne7d5
38.e4 { resign }
1-0

[Event "Match"]
[Site "www.echecsemail.com"]
[Date "2018.05.24"]
[Round "1"]
[White "Stevep84"]
[Black "Tonino1"]
[WhiteElo "2260"]
[BlackElo "1950"]
[Result "1-0"]
[Round "1"]
1.e4 d6
2.d4 Ng8f6
3.Nb1c3 c6
4.f4 Qd8c7
5.Ng1f3 e6
6.Bf1d3 Bf8e7
7.e5 Nf6d7
8.Bc1e3 O-O
9.h4 b6
10.Nf3g5 h6
11.Qd1h5 Be7xg5
12.hxg5 Kh8
13.gxh6 g6
14.Qh5g4 dxe5
15.fxe5 Bc8a6
16.O-O-O Ba6xd3
17.Rd1xd3 Nb8a6
18.Be3g5 Kh7
19.Nc3e4 Na6b4
20.Rd3f3 Nb4xa2
21.Kb1 Na2b4
22.Bg5e7 Nb4d5
23.Be7xf8 Ra8xf8
24.Ne4d6 f5
25.Qg4g5 Qc7d8
26.Nd6f7 Qd8c7
27.Rf3g3 Rf8g8
28.c4 Nd7b8
29.cxd5 cxd5
30.Qg5f6  { time }
1-0

[Event "Match"]
[Site "www.echecsemail.com"]
[Date "2018.05.24"]
[Round "1"]
[White "Liencam2"]
[Black "Jaguar91"]
[WhiteElo "2300"]
[BlackElo "2120"]
[Result "1/2-1/2"]
[Round "1"]
1.e4 e6
2.d4 d5
3.Nb1d2 Ng8f6
4.Bf1d3 c5
5.c3 Nb8c6
6.Ng1f3 Qd8b6
7.e5 Nf6d7
8.O-O cxd4
9.Rf1e1 dxc3
10.bxc3 f6
11.exf6 Nd7xf6
12.Bd3f5 Bf8e7
13.Bf5xe6 Bc8xe6
14.Re1xe6 O-O
15.c4 Nf6g4
16.cxd5 Ng4xf2
17.Qd1f1 Nf2h3
{ draw }
1/2-1/2

[Event "Tourn. n9801"]
[Site "www.echecsemail.com"]
[Date "2018.05.24"]
[Round "1"]
[White "Osopanda"]
[Black "Bojan"]
[WhiteElo "1870"]
[BlackElo "1990"]
[Result "0-1"]
[Round "1"]
1.e4 g6
2.d4 Bf8g7
3.Nb1c3 c6
4.Ng1f3 d6
5.Bc1e3 Nb8d7
6.Bf1c4 Nd7b6
7.Bc4b3 f6
8.O-O Qd8c7
9.e5 dxe5
10.dxe5 Bc8g4
11.h3 Bg4xf3
12.Qd1xf3 Qc7xe5
13.Rf1e1 Qe5c7
14.Ra1d1 Ng8h6
15.Be3c5 e5
16.Nc3e4 f5
17.Ne4d6 Kd8
18.Nd6b5 Kc8
19.Nb5xc7 Kxc7
 { time }
0-1

[Event "Tourn. n9817"]
[Site "www.echecsemail.com"]
[Date "2018.05.24"]
[Round "1"]
[White "Tonino1"]
[Black "Fabos12"]
[WhiteElo "2020"]
[BlackElo "1920"]
[Result "1-0"]
[Round "1"]
1.d4 e6
2.f4 Nb8c6
3.e3 d5
4.c3 Bf8d6
5.Bf1d3 Ng8f6
6.Ng1f3 Bc8d7
7.Nb1d2 O-O
8.O-O Nf6g4
9.Qd1e2 Nc6e7
10.Bd3xh7 Kh8
11.Bh7d3 c5
12.Nf3e5 Ng4xe5
13.fxe5 Bd6c7
14.Qe2h5 { resign }
1-0

[Event "Match"]
[Site "www.echecsemail.com"]
[Date "2018.05.24"]
[Round "1"]
[White "Karlgrocer"]
[Black "Kipik"]
[WhiteElo "2010"]
[BlackElo "1979"]
[Result "1-0"]
[Round "1"]
1.Ng1f3 Ng8f6
2.d4 d5
3.e3 b6
4.Bf1e2 e6
5.O-O Bc8b7
6.b3 Bf8d6
7.Bc1a3 O-O
8.Ba3xd6 Qd8xd6
9.Nb1d2 Nb8d7
10.c4 e5
11.dxe5 Nd7xe5
12.Nf3xe5 Qd6xe5
13.cxd5 Bb7xd5
14.Qd1c2 c5
15.Be2f3 Ra8d8
16.Bf3xd5 Rd8xd5
17.Nd2f3 Qe5e4
18.Qc2e2 Rf8d8
19.h3 h6
20.Ra1c1 Qe4e6
21.Qe2a6 Rd8d7
22.Qa6c4 Nf6e4
23.Qc4c2 Qe6d6
24.Qc2xe4 Rd7e7
25.Qe4c2 { resign }
1-0

[Event "Match"]
[Site "www.echecsemail.com"]
[Date "2018.05.24"]
[Round "1"]
[White "Gambitmiau"]
[Black "Darknight"]
[WhiteElo "1970"]
[BlackElo "1910"]
[Result "1-0"]
[Round "1"]
1.e4 e5
2.d4 Bf8d6
3.Bf1c4 exd4
4.Qd1f3 Ng8f6
5.Bc1g5 Bd6e5
6.Qf3b3 Qd8e7
7.Ng1f3 d6
8.O-O h6
9.Bg5xf6 gxf6
10.Nf3h4 a6
11.f4 d5
12.exd5 Nb8d7
13.Nh4f5 Qe7f8
14.fxe5 fxe5
15.d6 Nd7c5
16.Qb3f3 e4
17.Qf3g3 Bc8xf5
18.Rf1xf5 f6
19.Qg3g6 Kd7
20.Rf5xf6 Qf8d8
21.dxc7 Kxc7
22.Qg6g7 Kb8
23.Rf6f7 Rh8g8
24.Qg7e5 Ka7
25.Qe5xc5 Qd8b6
26.Qc5xb6 Kxb6
27.Rf7f6 Ka7
28.Bc4xg8 Ra8xg8
29.Nb1d2 h5
30.Nd2xe4 Rg8e8
31.Ne4d6 Re8e2
32.Rf6f7 Re2xc2
33.Rf7xb7 Ka8
34.Ra1f1 Rc2c8
35.Rf1f7 Rc8c1
36.Kf2 Rc1c2
37.Kf3 { resign }
1-0

[Event "Tourn. n9766"]
[Site "www.chess-mail.com"]
[Date "2018.05.25"]
[Round "1"]
[White "Apdash"]
[Black "Ff333"]
[WhiteElo "2170"]
[BlackElo "2050"]
[Result "0-1"]
[Round "1"]
1.d4 d5
2.Ng1f3 g6
3.c4 Ng8f6
4.cxd5 Nf6xd5
5.e4 Nd5f6
6.Nb1c3 Bf8g7
7.Bf1c4 O-O
8.O-O Nb8c6
9.d5 Nc6b8
10.e5 Nf6g4
11.Bc1f4 a6
12.Qd1d2 Nb8d7
13.e6 Nd7e5
14.exf7 Rf8xf7
15.Nf3xe5 Bg7xe5
16.d6 e6
17.Bf4xe5 Ng4xe5
18.Bc4b3 cxd6
19.Ra1e1 Qd8e7
20.f4 Ne5g4
21.Nc3e4 d5
22.Ne4g5 Rf7f5
23.h3 Ng4h6
24.Qd2d4 Qe7d6
 { time }
0-1

[Event "Tourn. n9735"]
[Site "www.chess-mail.com"]
[Date "2018.05.25"]
[Round "1"]
[White "Falcoale"]
[Black "Gegonz"]
[WhiteElo "1880"]
[BlackElo "1610"]
[Result "0-1"]
[Round "1"]
1.e4 g6
2.d4 Bf8g7
3.Ng1f3 d6
4.Bf1c4 Ng8f6
5.Nb1c3 O-O
6.O-O c6
7.Rf1e1 Bc8g4
8.h3 Bg4xf3
9.Qd1xf3 Nb8d7
10.Bc1f4 b5
11.Bc4b3 e5
12.dxe5 Nd7xe5
13.Qf3e2 Kh8
14.Ra1d1 Qd8e7
15.f3 a5
16.a3 Nf6h5
17.Bf4h2 a4
18.Bb3a2 Qe7a7
19.Kh1 Ra8d8
20.Qe2e3 Qa7xe3
21.Re1xe3 f5
22.exf5 gxf5
23.Nc3e2 f4
24.Re3d3 Ne5xd3
25.cxd3 Bg7xb2
26.Rd1d2 Bb2xa3
27.Ba2e6 Nh5g7
28.Be6g4 h5
29.Bg4xh5 Ng7xh5
30.d4 Ba3b4
31.Rd2c2 Rd8e8
32.Kg1 c5
33.dxc5 Bb4xc5
34.Kf1 b4
35.Bh2g1 b3
36.Rc2d2 Bc5xg1
37.Ne2xg1 a3
{ resign }
0-1

[Event "Tourn. n9750"]
[Site "www.chess-mail.com"]
[Date "2018.05.25"]
[Round "1"]
[White "Comrade"]
[Black "Prize64"]
[WhiteElo "2290"]
[BlackElo "2150"]
[Result "1-0"]
[Round "1"]
1.c4 e5
2.Nb1c3 Bf8b4
3.d4 exd4
4.Qd1xd4 Ng8f6
5.Qd4e5 Qd8e7
6.Qe5xe7 Kxe7
7.Bc1d2 h6
8.g3 c6
9.e3 Bb4xc3
10.Bd2xc3 d6
11.Bf1g2 Bc8e6
12.b3 Nb8d7
13.Ra1d1 Ra8d8
14.Ng1e2 Nd7e5
15.h3 Rh8e8
16.O-O Kf8
17.f4 Ne5xc4
18.bxc4 Be6xc4
19.Kf2 Bc4xe2
20.Kxe2 Nf6e4
21.Bg2xe4 Re8xe4
22.Rd1d4 d5
23.Rf1d1 Re4e6
24.f5 Re6e8
25.Bc3b4 Kg8
26.a4 b6
27.Bb4c3 f6
28.Rd4g4 Kf7
29.Rg4d4 Re8e5
30.g4 Rd8e8
31.Rd1d3 Re5e4
32.Rd4xe4 Re8xe4
33.a5 Re4a4
34.axb6 axb6
35.Rd3d4 Ra4a2
36.Rd4d2 Ra2a3
37.Bc3b4 Ra3a4
38.Bb4d6 Ke8
39.Rd2c2 Kd7
40.Bd6f8 d4
41.exd4 Ra4xd4
42.Rc2d2 { resign }
1-0

[Event "Tourn. n9764"]
[Site "www.chess-mail.com"]
[Date "2018.05.25"]
[Round "1"]
[White "Darko10"]
[Black "Szustan"]
[WhiteElo "2870"]
[BlackElo "2670"]
[Result "1-0"]
[Round "1"]
1.d4 d5
2.c4 dxc4
3.e3 Ng8f6
4.Bf1xc4 e6
5.Ng1f3 c5
6.O-O a6
7.dxc5 Qd8xd1
8.Rf1xd1 Bf8xc5
9.Bc4e2 O-O
10.Nb1d2 Rf8d8
11.Nf3e5 Bc5e7
12.b3 b5
13.Bc1b2 Bc8b7
14.Ra1c1 Nb8d7
15.Ne5c6 Bb7xc6
16.Rc1xc6 Ra8c8
17.Rd1c1 Rc8xc6
18.Rc1xc6 Nd7b8
19.Rc6c2 Nf6d5
20.a3 b4
21.a4 Be7f6
22.Bb2xf6 gxf6
23.Kf1 Nd5c3
24.Nd2c4 Kf8
25.Rc2d2 Ke7
26.Rd2xd8 Kxd8
27.Nc4d2 Ke7
28.Be2d3 f5
29.f4 Kd6
30.Kf2 Kd5
31.Kf3 Kc5
32.g4 fxg4
33.Kxg4 Nc3d5
34.Nd2c4 h6
35.Kh5 Nd5xe3
36.Nc4xe3 Kd4
37.Bd3c2 Kxe3
38.Kxh6 { resign }
1-0